| 000 | 00000nam##2200000za#4500 |
| 001 | 9.566224 |
| 003 | CaOODSP |
| 005 | 20210624180203 |
| 007 | cr ||||||||||| |
| 008 | 150406|2003||||xxc|||||o f|0| 0 eng|d |
| 040 | |aCaOODSP|beng |
| 043 | |an-cn--- |
| 086 | 1 |aTU3-5/03-2E-PDF |
| 110 | 2 |aTransportation Safety Board of Canada. |
| 245 | 10|aLoss of control – collision with terrain - Province of Ontario, Ministry of Natural Resources Eurocopter AS 350 B2 (Helicopter) C-GOGN, Mekatina, Ontario, 21 January 2003 |h[electronic resource] |
| 260 | |aGatineau - Quebec : |bTransportation Safety Board of Canada |c[2005]. |
| 300 | |a29p.|bglossary, illus., references, tables, photographs |
| 490 | 1 |aAviation investigation report |vA03O0012 |
| 590 | |a10-01-Supp|b2010-04-07 |
| 690 | 07|aAircraft accidents|2gcpds |
| 775 | 08|tPerte de maîtrise – collision avec le relief de l'Eurocopter AS 350 B2 (hélicoptère) C-GOGN exploité par le ministère des Richesses naturelles de la province de l'Ontario à Mekatina (Ontario), le 21 janvier 2003 |w(CaOODSP)9.597695 |
| 830 | #0|aAviation investigation report ;|vA03O0012|w(CaOODSP)9.504825 |
| 856 | 40|ahttp://publications.gc.ca|qPDF|s5218 KB|uhttps://publications.gc.ca/collections/collection_2009/bst-tsb/TU3-5-03-2E.pdf|yA03O0012 |